000 00320nam a2200157Ia 4500
100 _aKanetkar/Yashavant P
942 _cBK
366 _f20
654 _aC++
245 _aTest Your C++ skills
260 _bBPB
_aNew Delhi
_c2002
082 _a005.133/KAN
_bKAN
300 _a389
546 _aENGLISH
999 _c17987
_d17987